Primera Asamblea Nacional del Turismo / (Record no. 104602)

MARC details
000 -LEADER
campo de control de longitud fija 00667nam a2200181 i 4500
001 - NÚMERO DE CONTROL
campo de control 104602
003 - IDENTIFICADOR DE NÚMERO DE CONTROL
campo de control ES-MaACL
005 - FECHA Y HORA DE LA ÚLTIMA TRANSACCIÓN
campo de control 20230906183639.0
007 - CAMPO FIJO DE DESCRIPCIÓN FÍSICA--INFORMACIÓN GENERAL
campo de control de longitud fija t|
008 - DATOS DE LONGITUD FIJA--INFORMACIÓN GENERAL
campo de control de longitud fija 051202s1964 sp ||||1| spa d
111 2# - ENTRADA PRINCIPAL--NOMBRE DE CONGRESO/REUNIÓN
Nombre de congreso/reunión o jurisdicción como elemento de entrada Asamblea Nacional de Turismo (
Número del congreso/reunión o número de parte o sección 1ª.
Sede del congreso/Lugar de la reunión Madrid)
9 (RLIN) 158488
245 10 - MENCIÓN DEL TÍTULO
Título Primera Asamblea Nacional del Turismo /
Mención de responsabilidad, etc. Ministerio de Informacion y Turismo.
260 ## - PUBLICACIÓN, DISTRIBUCIÓN, ETC.
Lugar de publicación, distribución, etc. Madrid :
Nombre del editor, distribuidor, etc. Dirección General de Promoción del Turismo,
Fecha de publicación, distribución, etc. 1964 (
Fabricante Gráf. Oscar)
300 ## - DESCRIPCIÓN FÍSICA
Extensión 10 v. ;
Dimensiones 27 cm.
594 ## - Nota al título y mención de responsabilidad
Nota al título y mención de responsabilidad Precede al título: Ministerio de Información y Turismo.
650 #4 - PUNTO DE ACCESO ADICIONAL DE MATERIA--TÉRMINO DE MATERIA
Término de materia o nombre geográfico como elemento de entrada Turismo-
Subdivisión de forma Congresos y asambleas.
9 (RLIN) 158489
852 ## - LOCALIZACIÓN
Ubicación ES-MaACL
Número de control de estantería E-9855-64
Sublocalización o colección R.54010
Holdings
Estatus retirado Estado de pérdida Estado de daño No para préstamo Biblioteca de origen Biblioteca actual Ubicación en estantería Fecha de adquisición Fuente de adquisición Total de préstamos Signatura topográfica completa Código de barras Visto por última vez Precio de reemplazo Tipo de ítem Koha
        Biblioteca del Ateneo de Madrid Biblioteca del Ateneo de Madrid Depósito 2 17/01/2008     E-9855-64 1109209 23/02/2023 23/02/2023 Libro impreso